Sports Quiz

Random Sports or Auto Racing Quiz

1993 NASCAR Winston Cup Winners Quiz Stats

Quiz not verified by Sporcle

Challenge
Share
Tweet
Embed
Score 0/34 Timer 10:00
0 Plays Today
Race Race Winner % Correct
Busch Clash (Daytona)Dale Earnhardt
99.4%
Gatorade 125 Race 2Dale Earnhardt
99.4%
Transouth 500 (Darlington)Dale Earnhardt
99.4%
The Winston (Charlotte)Dale Earnhardt
99.4%
Coca Cola 600 (Charlotte)Dale Earnhardt
99.4%
Budweiser 500 (Dover)Dale Earnhardt
99.4%
Pepsi 400 (Daytona)Dale Earnhardt
99.4%
Miller 500 (Pocono)Dale Earnhardt
99.4%
Diehard 500 (Talladega)Dale Earnhardt
99.4%
Goodwrench 500 (Rockingham)Rusty Wallace
97.8%
Food City 500 (Bristol)Rusty Wallace
97.8%
First Union 400 (North Wilkeboro)Rusty Wallace
97.8%
Hanes 500 (Martinsville)Rusty Wallace
97.8%
Slick 50 300 (Loudon)Rusty Wallace
97.8%
Miller 400 (Richmond)Rusty Wallace
97.8%
SplitFire 500 (Dover)Rusty Wallace
97.8%
Holly Farms 400 (North Wilkesboro)Rusty Wallace
97.8%
Race Race Winner % Correct
AC Delco 500 (Rockingham)Rusty Wallace
97.8%
Hooters 500 (Atlanta)Rusty Wallace
97.8%
Bud At The Glen (Watkins Glen)Mark Martin
94%
Champion 400 (Michigan)Mark Martin
94%
Bud 500 (Bristol)Mark Martin
94%
Mt Dew Southern 500 (Darlington)Mark Martin
94%
Slick 50 500 (Phoenix)Mark Martin
94%
Daytona 500Dale Jarrett
91.8%
Pontiac 400 (Richmond)Davey Allison
91.5%
Miller 400 (Michigan)Ricky Rudd
88.9%
Winston 500 (Talladega)Ernie Irvan
86.7%
Goody's 500 (Martinsville)Ernie Irvan
86.7%
Mello Yello 500 (Charlotte)Ernie Irvan
86.7%
Champion Spark Plug 500 (Pocono)Kyle Petty
83.9%
Gatorade 125 Race 1Jeff Gordon
82.6%
Save Mart 300 (Sonoma)Geoff Bodine
82%
Motorcraft 500 (Atlanta)Morgan Shepherd
72.5%

You're not logged in!

Compare scores with friends on all Sporcle quizzes.
Join for Free
OR
Log In

You Might Also Like...

Show Comments

Extras

Top Quizzes Today


Score Distribution

Your Account Isn't Verified!

In order to create a playlist on Sporcle, you need to verify the email address you used during registration. Go to your Sporcle Settings to finish the process.

Report this User

Report this user for behavior that violates our Community Guidelines.

Details: